Konverzia sýpky v Smoleniach na múzeum
Salvato in:
| Autore principale: | |
|---|---|
| Altri autori: | |
| Natura: | Manoscritto Libro |
| Lingua: | slovacco |
| Pubblicazione: |
2025
|
| Soggetti: | |
| Accesso online: | http://is.stuba.sk/zp/portal_zp.pl?podrobnosti=194140 CRZP |
| Tags: |
Nessun Tag, puoi essere il primo ad aggiungerne!!
|
MARC
| LEADER | 00000ntm a22000003a 4500 | ||
|---|---|---|---|
| 001 | stuzp104911 | ||
| 003 | SK-STU | ||
| 005 | 20250728110000.9 | ||
| 007 | ta | ||
| 008 | 150427s2015----xo-----f-mn---000-0-slo-d | ||
| 040 | |a STU |b slo | ||
| 041 | 0 | |a slo | |
| 100 | 1 | |a Krnáč, Denis |u 010310 |4 aut |U SvF Stavebná fakulta |T SvF Katedra architektúry |X 110150 |U V181|V310 |Y 19 |7 110150 | |
| 242 | 0 | 1 | |a Conversion of Granary in Smolenice to Museum |y eng |
| 245 | 1 | 0 | |a Konverzia sýpky v Smoleniach na múzeum |
| 260 | |c 2025 | ||
| 650 | 4 | |a múzeum |2 slo | |
| 650 | 4 | |a Rekonštrukcia sýpky |2 slo | |
| 650 | 4 | |a Smolenice |2 slo | |
| 650 | 4 | |a infocentrum |2 slo | |
| 650 | 4 | |a info center |2 eng | |
| 650 | 4 | |a museum |2 eng | |
| 650 | 4 | |a Reconstruction of granary |2 eng | |
| 650 | 4 | |a Smolenice |2 eng | |
| 700 | 1 | |a Poliak, Martin |u 010310 |k Z1 |4 ths |U SvF Stavebná fakulta |T SvF Katedra architektúry |X 62739 |U V181|V310 |Y 19 |7 62739 | |
| 856 | 4 | |u http://is.stuba.sk/zp/portal_zp.pl?podrobnosti=194140 | |
| 856 | 4 | |u https://opac.crzp.sk/?fn=detailBiblioForm&sid=C9A1C75A261DD259F9804D1E26A3 |z CRZP | |